[Event "HUN-chT2 Asztalos 1718"]
[Site "Hungary"]
[Date "2018.03.04"]
[Round "7.4"]
[White "Remenyi, Lajos Jr"]
[Black "Keszi, Janos"]
[Result "1-0"]
[WhiteElo "1962"]
[BlackElo "2008"]
[PlyCount "75"]
[EventDate "2017.10.29"]
[EventType "team-tourn"]
[EventRounds "9"]
[EventCountry "HUN"]
[SourceTitle "EXT 2021"]
[Source "ChessBase"]
[SourceDate "2020.10.23"]
[SourceVersion "1"]
[SourceVersionDate "2020.10.23"]
[SourceQuality "1"]
[WhiteTeam "Kiraly Sakk"]
[BlackTeam "Sarosd"]
[WhiteTeamCountry "HUN"]
[BlackTeamCountry "HUN"]

1. e4 c5 2. Nf3 d6 3. d4 cxd4 4. Nxd4 Nf6 5. Nc3 a6 6. Bc4 e6 7. Bb3 b5 8. a3 Be7 9. 0-0 0-0 10. f4 Bb7 11. Qe2 Nbd7 12. e5 dxe5 13. fxe5 Bc5 14. Be3 Qb6 15. Kh1 Bxd4 16. exf6 Bxe3 17. fxg7 Kxg7 18. Rae1 Bg5 19. Rd1 Nf6 20. Rd3 Kh8 21. Rg3 Qc5 22. Nd5 Bxd5 23. Rxg5 Rg8 24. Bxd5 Rxg5 25. Bxa8 Qe5 26. Qxe5 Rxe5 27. Kg1 Kg7 28. Bf3 Rc5 29. c3 Nd7 30. Be2 f5 31. Rd1 Ne5 32. Rd6 Rc6 33. Rxc6 Nxc6 34. Kf2 Kf6 35. Ke3 e5 36. a4 bxa4 37. Bxa6 Ne7 38. Bb5 1-0

[Event "HUN-chT2 Asztalos 1718"]
[Site "Hungary"]
[Date "2018.02.18"]
[Round "6.4"]
[White "Kadlicsko, Jozsef"]
[Black "Remenyi, Lajos Jr"]
[Result "1-0"]
[WhiteElo "2122"]
[BlackElo "1962"]
[PlyCount "59"]
[EventDate "2017.10.29"]
[EventType "team-tourn"]
[EventRounds "9"]
[EventCountry "HUN"]
[SourceTitle "EXT 2021"]
[Source "ChessBase"]
[SourceDate "2020.10.23"]
[SourceVersion "1"]
[SourceVersionDate "2020.10.23"]
[SourceQuality "1"]
[WhiteTeam "Kaposvar Bastya"]
[BlackTeam "Kiraly Sakk"]
[WhiteTeamCountry "HUN"]
[BlackTeamCountry "HUN"]

1. e4 d6 2. d4 Nf6 3. Bd3 Nbd7 4. Nf3 e5 5. c3 c6 6. h3 Qc7 7. Be3 Be7 8. Nbd2 b5 9. a4 bxa4 10. Rxa4 0-0 11. 0-0 Nb6 12. Ra1 Nfd7 13. Nh2 c5 14. d5 c4 15. Bc2 Bb7 16. Qg4 f5 17. exf5 Bxd5 18. Ra5 Nf6 19. Qe2 Bf7 20. Rfa1 Nfd5 21. Be4 Nxe3 22. Bxa8 Nc2 23. Rxa7 Qb8 24. R1a6 Nxa8 25. Ndf1 Nc7 26. Ra5 Qb3 27. Qe4 Nd5 28. Rxd5 Bxd5 29. Qxd5+ Kh8 30. Rxe7 1-0

[Event "HUN-chT2 Asztalos 1718"]
[Site "Hungary"]
[Date "2017.12.17"]
[Round "4.4"]
[White "Remenyi, Lajos Jr"]
[Black "Bator, Balazs"]
[Result "1/2-1/2"]
[WhiteElo "1962"]
[BlackElo "1991"]
[PlyCount "112"]
[EventDate "2017.10.29"]
[EventType "team-tourn"]
[EventRounds "9"]
[EventCountry "HUN"]
[SourceTitle "EXT 2021"]
[Source "ChessBase"]
[SourceDate "2020.10.23"]
[SourceVersion "1"]
[SourceVersionDate "2020.10.23"]
[SourceQuality "1"]
[WhiteTeam "Kiraly Sakk"]
[BlackTeam "Komlo Banyasz II"]
[WhiteTeamCountry "HUN"]
[BlackTeamCountry "HUN"]

1. e4 c5 2. Nc3 Nc6 3. g3 g6 4. Bg2 Bg7 5. d3 d6 6. f4 e6 7. Nf3 Nge7 8. Be3 0-0 9. 0-0 b6 10. Qd2 Ba6 11. Rfe1 d5 12. exd5 exd5 13. Bf2 Qd7 14. d4 cxd4 15. Nxd4 Na5 16. Rad1 Rad8 17. Qe3 Rfe8 18. Qf3 Bb7 19. g4 Bc8 20. h3 Nc4 21. b3 Nd6 22. Bh4 Bb7 23. Qd3 Ne4 24. Nde2 Qc7 25. Nxe4 dxe4 26. Qb5 a6 27. Qb4 Rxd1 28. Rxd1 Nd5 29. Qd2 Qc5+ 30. Kh2 Qe3 31. Qxe3 Nxe3 32. Rd7 Nxg2 33. Kxg2 Ba8 34. Rd8 Rxd8 35. Bxd8 b5 36. Kf2 Kf8 37. Bb6 Ke7 38. Ke3 Kd6 39. Ng3 Ke6 40. Nxe4 Bxe4 41. Kxe4 f5+ 42. gxf5+ gxf5+ 43. Kd3 Kd5 44. c4+ Kc6 45. Bd4 Bf8 46. Be5 b4 47. Bd4 Be7 48. Be3 Bf8 49. Kd4 Bg7+ 50. Kd3 Bf8 51. Ke2 Be7 52. Kf3 Bh4 53. Bd4 Bd8 54. Kg3 Be7 55. Bg7 Kc5 56. Be5 Kc6 1/2-1/2

[Event "HUN-chT2 Asztalos 1617"]
[Site "Hungary"]
[Date "2016.11.27"]
[Round "5.4"]
[White "Kadar, Gabor"]
[Black "Remenyi, Lajos Jr"]
[Result "1-0"]
[WhiteElo "2078"]
[BlackElo "1982"]
[PlyCount "68"]
[EventDate "2016.09.25"]
[EventType "team-tourn"]
[EventRounds "11"]
[EventCountry "HUN"]
[SourceTitle "EXT 2021"]
[Source "ChessBase"]
[SourceDate "2020.10.23"]
[SourceVersion "1"]
[SourceVersionDate "2020.10.23"]
[SourceQuality "1"]
[WhiteTeam "Komlo Banyasz II"]
[BlackTeam "Kiraly Sakk"]
[WhiteTeamCountry "HUN"]
[BlackTeamCountry "HUN"]

1. e4 c5 2. Nf3 e6 3. c3 Qc7 4. d4 d6 5. Na3 Nf6 6. Bd3 Nc6 7. 0-0 g6 8. Bf4 e5 9. Bg5 Bg7 10. Nb5 Qb8 11. d5 Ne7 12. Nd2 a6 13. Na3 h6 14. Bh4 g5 15. Bg3 Ng6 16. Nac4 Qc7 17. a4 h5 18. f3 h4 19. Bf2 Nf4 20. Bc2 g4 21. Ne3 gxf3 22. Nxf3 Ng4 23. Nf5 Bxf5 24. exf5 Bf6 25. b4 0-0-0 26. bxc5 dxc5 27. Be4 Rdg8 28. g3 Qd7 29. Qb3 Nxf2 30. Rxf2 Nh3+ 31. Kf1 Nxf2 32. Kxf2 Rg4 33. Nd2 Bd8 34. Rb1 b6 1-0

[Event "Dunaujvaros op"]
[Site "Dunaujvaros"]
[Date "2013.10.11"]
[Round "1"]
[White "Remenyi, Lajos Jr"]
[Black "Tar, Balazs"]
[Result "1-0"]
[WhiteElo "2002"]
[BlackElo "1452"]
[PlyCount "35"]
[EventDate "2013.10.11"]
[EventType "swiss"]
[EventRounds "6"]
[EventCountry "HUN"]
[SourceTitle "EXT 2019"]
[Source "ChessBase"]
[SourceDate "2018.10.10"]
[SourceVersion "1"]
[SourceVersionDate "2018.10.10"]
[SourceQuality "1"]

1. e4 e5 2. Nf3 Nf6 3. Nxe5 d6 4. Nf3 Nxe4 5. d4 d5 6. Bd3 Bd6 7. 0-0 0-0 8. Re1 Re8 9. c4 c6 10. h3 Qf6 11. cxd5 cxd5 12. Nc3 Qd8 13. Nxd5 Bh2+ 14. Kxh2 Qxd5 15. Qc2 Qd6+ 16. Kg1 Nf6 17. Rxe8+ Nxe8 18. Qxc8 1-0

[Event "HUN-chT2 Charousek 0910"]
[Site "Hungary"]
[Date "2010.02.28"]
[Round "7"]
[White "Remenyi, Lajos Jr"]
[Black "Monda, Laszlo"]
[Result "0-1"]
[WhiteElo "2092"]
[BlackElo "2137"]
[PlyCount "52"]
[EventDate "2009.11.08"]
[EventType "team-tourn"]
[EventRounds "11"]
[EventCountry "HUN"]
[SourceTitle "EXT 2011"]
[Source "ChessBase"]
[SourceDate "2010.11.26"]
[SourceVersion "1"]
[SourceVersionDate "2010.11.26"]
[SourceQuality "1"]
[WhiteTeam "Paks II"]
[BlackTeam "Tapolca"]
[WhiteTeamCountry "HUN"]
[BlackTeamCountry "HUN"]

1. e4 c5 2. Nc3 Nc6 3. g3 g6 4. Bg2 Bg7 5. d3 d6 6. f4 Nf6 7. Nf3 Bg4 8. h3 Bxf3 9. Qxf3 Nb4 10. Qf2 Nh5 11. Be3 Bd4 12. Kd2 Nc6 13. Bxd4 cxd4 14. Ne2 Rc8 15. g4 Ng7 16. Rhf1 Qb6 17. a3 0-0 18. e5 dxe5 19. fxe5 Ne6 20. Bxc6 Rxc6 21. b3 Qc7 22. Nxd4 Nxd4 23. Qxd4 Rxc2+ 24. Ke3 Rd8 25. Qe4 Qb6+ 26. Kf4 Rd4 0-1

[Event "Paks op"]
[Site "Paks"]
[Date "2008.08.02"]
[Round "6"]
[White "Palencsar, Janos"]
[Black "Remenyi, Lajos Jr"]
[Result "0-1"]
[WhiteElo "1923"]
[BlackElo "2075"]
[PlyCount "92"]
[EventDate "2008.07.30"]
[EventType "swiss"]
[EventRounds "7"]
[EventCountry "HUN"]
[SourceTitle "EXT 2011"]
[Source "ChessBase"]
[SourceDate "2010.11.26"]
[SourceVersion "1"]
[SourceVersionDate "2010.11.26"]
[SourceQuality "1"]

1. e4 c5 2. Nf3 d6 3. d4 cxd4 4. c3 dxc3 5. Nxc3 Nc6 6. Bc4 e6 7. 0-0 Be7 8. Qe2 a6 9. Rd1 Qc7 10. Bf4 Nf6 11. Rac1 0-0 12. e5 dxe5 13. Nxe5 Nxe5 14. Bxe5 Qa5 15. a3 b5 16. Ba2 Bb7 17. Nxb5 Qxb5 18. Qxb5 axb5 19. Rc7 Bd5 20. Rxd5 Nxd5 21. Bxd5 exd5 22. Rxe7 Rfe8 23. Rxe8+ Rxe8 24. f4 f6 25. Bc3 Kf7 26. Kf2 Kg6 27. g4 h5 28. h3 hxg4 29. hxg4 Re4 30. Kf3 Kf7 31. Bd2 Ke6 32. Kg3 d4 33. Kf3 Kd5 34. b3 Re8 35. f5 d3 36. Be3 Ra8 37. Bc1 d2 38. Bxd2 Rxa3 39. Kf4 Rxb3 40. g5 Rd3 41. gxf6 gxf6 42. Bc1 Rd1 43. Bb2 Rf1+ 44. Kg4 Ke4 45. Bxf6 Rxf5 46. Be7 Rf1 0-1

[Event "HUN-chT2 Asztalos 0708"]
[Site "Hungary"]
[Date "2007.12.09"]
[Round "4"]
[White "Remenyi, Lajos Jr"]
[Black "Schmikl, Matyas"]
[Result "1-0"]
[WhiteElo "2087"]
[BlackElo "1955"]
[PlyCount "64"]
[EventDate "2007.10.14"]
[EventType "team"]
[EventRounds "11"]
[EventCountry "HUN"]
[SourceTitle "EXT 2009"]
[Source "ChessBase"]
[SourceDate "2008.11.26"]
[SourceVersion "1"]
[SourceVersionDate "2008.11.26"]
[SourceQuality "1"]
[WhiteTeam "Paks ASE"]
[BlackTeam "Koppany"]
[WhiteTeamCountry "HUN"]
[BlackTeamCountry "HUN"]

1. e4 b6 2. Nc3 e6 3. d4 Bb7 4. Nf3 a6 5. Bd3 d6 6. 0-0 Nd7 7. Bf4 Be7 8. Re1 Ngf6 9. h3 c5 10. d5 e5 11. Be3 Nf8 12. Qd2 Ng6 13. b4 Nh5 14. Rab1 Bc8 15. bxc5 dxc5 16. Na4 b5 17. Nxc5 Qc7 18. Nb3 Nhf4 19. Bf1 Bd7 20. Rec1 Ba3 21. Rd1 Bd6 22. Na5 0-0 23. c4 Rfb8 24. Rbc1 bxc4 25. Rxc4 Qd8 26. Nc6 Qe8 27. Nxb8 Rxb8 28. Rcc1 Qe7 29. Rb1 Qf6 30. Rxb8+ Bxb8 31. Rb1 Bd6 32. Bxf4 Nxf4 1-0

[Event "HUN-chT2 Toth 0405"]
[Site "Hungary"]
[Date "2005.04.24"]
[Round "11"]
[White "Pap, Peter"]
[Black "Remenyi, Lajos Jr"]
[Result "1-0"]
[WhiteElo "2165"]
[BlackElo "2138"]
[PlyCount "35"]
[EventDate "2004.09.26"]
[EventType "team"]
[EventRounds "11"]
[EventCountry "HUN"]
[SourceTitle "EXT 2009"]
[Source "ChessBase"]
[SourceDate "2008.11.26"]
[SourceVersion "1"]
[SourceVersionDate "2008.11.26"]
[SourceQuality "1"]
[WhiteTeam "Kalocsa"]
[BlackTeam "Bege"]
[WhiteTeamCountry "HUN"]
[BlackTeamCountry "HUN"]

1. e4 d6 2. d4 Nf6 3. Nc3 Nbd7 4. Bc4 g6 5. Nf3 Bg7 6. Bxf7+ Kxf7 7. Ng5+ Kg8 8. Ne6 Qe8 9. Nxc7 Qd8 10. Nxa8 b5 11. e5 Ne8 12. Qf3 dxe5 13. Qd5+ Kf8 14. dxe5 Bxe5 15. Bh6+ Ng7 16. Rd1 Qa5 17. Rd3 Bd6 18. Rf3+ 1-0

[Event "HUN-chT2 Toth 0304"]
[Site "Hungary"]
[Date "2004.02.08"]
[Round "7"]
[White "Mohacsi, Imre"]
[Black "Remenyi, Lajos Jr"]
[Result "0-1"]
[WhiteElo "2159"]
[BlackElo "2175"]
[PlyCount "56"]
[EventDate "2003.09.28"]
[EventType "team"]
[EventRounds "11"]
[EventCountry "HUN"]
[SourceTitle "EXT 2009"]
[Source "ChessBase"]
[SourceDate "2008.11.26"]
[SourceVersion "1"]
[SourceVersionDate "2008.11.26"]
[SourceQuality "1"]
[WhiteTeam "Karcag"]
[BlackTeam "Bege"]
[WhiteTeamCountry "HUN"]
[BlackTeamCountry "HUN"]

1. e4 e5 2. Nf3 d6 3. d4 Nf6 4. Nc3 Nbd7 5. Be2 Be7 6. 0-0 0-0 7. h3 c6 8. Be3 Qc7 9. Nd2 b5 10. a4 b4 11. Na2 d5 12. Bd3 c5 13. c3 b3 14. Nc1 c4 15. Bb1 Bb7 16. Bg5 exd4 17. Ne2 dxc3 18. Nxc3 d4 19. Nb5 Qc5 20. Nf3 d3 21. Re1 Nxe4 22. Bxe7 Qxe7 23. Nd2 Qh4 24. Nxe4 Bxe4 25. g3 Qe7 26. Re3 Nf6 27. Qe1 Rfe8 28. Nc3 Qb7 0-1

[Event "HUN-chT2 Toth 0304"]
[Site "Hungary"]
[Date "2003.09.28"]
[Round "1"]
[White "Brhlik, Gyorgy"]
[Black "Remenyi, Lajos Jr"]
[Result "1-0"]
[WhiteElo "2112"]
[BlackElo "2175"]
[PlyCount "45"]
[EventDate "2003.09.28"]
[EventType "team"]
[EventRounds "11"]
[EventCountry "HUN"]
[SourceTitle "EXT 2009"]
[Source "ChessBase"]
[SourceDate "2008.11.26"]
[SourceVersion "1"]
[SourceVersionDate "2008.11.26"]
[SourceQuality "1"]
[WhiteTeam "Bekes"]
[BlackTeam "Bege"]
[WhiteTeamCountry "HUN"]
[BlackTeamCountry "HUN"]

1. e4 c5 2. Nc3 d6 3. f4 g6 4. Nf3 Bg7 5. Bb5+ Nc6 6. Bxc6+ bxc6 7. 0-0 Nh6 8. d3 Rb8 9. Qe1 0-0 10. b3 d5 11. e5 e6 12. Na4 c4 13. Ba3 Re8 14. dxc4 Ba6 15. Rd1 Qc8 16. Rf2 dxc4 17. Bd6 Rb7 18. Nc5 Rb6 19. Ne4 Ng4 20. Rfd2 cxb3 21. cxb3 Bb7 22. Bc5 Ra6 23. Nd6 1-0

[Event "HUN-chT2 Toth 0203"]
[Site "Hungary"]
[Date "2002.11.24"]
[Round "3"]
[White "Balla, Tamas Kristof"]
[Black "Remenyi, Lajos Jr"]
[Result "1-0"]
[WhiteElo "2122"]
[BlackElo "2185"]
[PlyCount "53"]
[EventDate "2002.09.22"]
[EventType "team"]
[EventRounds "11"]
[EventCountry "HUN"]
[SourceTitle "EXT 2009"]
[Source "ChessBase"]
[SourceDate "2008.11.26"]
[SourceVersion "1"]
[SourceVersionDate "2008.11.26"]
[SourceQuality "1"]

1. d4 d5 2. c4 dxc4 3. e4 Nf6 4. Nc3 e6 5. Bxc4 a6 6. a4 Be7 7. Nf3 0-0 8. 0-0 c6 9. Qe2 Qc7 10. Bg5 b6 11. Bd3 Nh5 12. e5 f6 13. exf6 Bxf6 14. Ne4 Nf4 15. Bxf4 Qxf4 16. Nxf6+ Rxf6 17. Qe4 Qxe4 18. Bxe4 Rf4 19. Rfe1 Ra7 20. Rac1 Rc7 21. Ne5 c5 22. b4 Bb7 23. Bxb7 Rxb7 24. dxc5 Rxb4 25. cxb6 h6 26. a5 Rb5 27. Rc7 1-0

[Event "HUN-chT3 0102"]
[Site "Hungary"]
[Date "2002.02.10"]
[Round "7.2"]
[White "Horvath, Attila"]
[Black "Remenyi, Lajos Jr"]
[Result "1-0"]
[WhiteElo "2137"]
[BlackElo "2178"]
[PlyCount "53"]
[EventDate "2001.09.30"]
[EventType "team"]
[EventRounds "11"]
[EventCountry "HUN"]
[SourceTitle "EXT 2004"]
[Source "ChessBase"]
[SourceDate "2003.11.25"]
[SourceVersion "1"]
[SourceVersionDate "2003.11.25"]
[SourceQuality "1"]

1. e4 d6 2. d4 Nf6 3. Nc3 g6 4. f3 Bg7 5. Be3 0-0 6. Qd2 c6 7. g4 b5 8. Bh6 b4 9. Nce2 c5 10. h4 Nc6 11. h5 gxh5 12. Qg5 Ne8 13. Qxh5 f6 14. Bxg7 Nxg7 15. Qxh7+ Kf7 16. Nf4 Rg8 17. Bc4+ e6 18. d5 Nd4 19. dxe6+ Bxe6 20. Bxe6+ Ndxe6 21. Nxe6 Kxe6 22. Nh3 Qe7 23. 0-0-0 Kd7 24. Nf4 Rab8 25. Nd5 Qf7 26. Rh6 Rh8 27. Rxf6 1-0